Rozvoj a obnova funkcí venkova.

Transformácia agrárno-potravinárskeho komplexu ČSFR je zložitý sociálny proces, ktorý podstatne mení sociálno-ekonomické pomery vidieckych obyvateľov, silne zasahuje do spôsobu ich života a práce. Podstatne sa mení postavenie vidieckych obcí, v súvislosti so samosprávou vznikajú nové úlohy, do popre...

Ausführliche Beschreibung

Gespeichert in:
Bibliographische Detailangaben
1. Verfasser: Marková, C.
Format: Buchkapitel
Sprache:Tschechisch
Schlagworte:
Tags: Tag hinzufügen
Keine Tags, Fügen Sie das erste Tag hinzu!

MARC

LEADER 00000naa a2200000 4500
001 r009747
005 20220831083341.5
041 0 |a cze 
044 |a [CS] 
245 1 0 |a Rozvoj a obnova funkcí venkova.  |c C. Marková 
520 |a Transformácia agrárno-potravinárskeho komplexu ČSFR je zložitý sociálny proces, ktorý podstatne mení sociálno-ekonomické pomery vidieckych obyvateľov, silne zasahuje do spôsobu ich života a práce. Podstatne sa mení postavenie vidieckych obcí, v súvislosti so samosprávou vznikajú nové úlohy, do popredia vystupuje otázka samostatnosti vidieckych sídiel atď. Charakteristika prístupov vidieckeho obyvateľstva k meniacim sa ekonomickým podmienkam. 
610 2 0 |a vidiek 
610 2 0 |a transformácia 
610 2 0 |a ČSFR 
610 2 0 |a komplex poľnohospodársko-potravinársky 
610 2 0 |a obyvateľstvo 
610 2 0 |a obce 
610 2 0 |a samospráva 
610 2 0 |a poľnohospodárstvo 
610 2 0 |a vybavenosť občianska 
610 2 0 |a reformy hospodárske 
100 1 |a Marková, C.